000 00549nam a2200181Ia 4500
999 _c13929
_d13929
003 OSt
005 20230918153644.0
008 190216s9999||||xx |||||||||||||| ||und||
020 _a9780140134643
040 _coclc
082 _a820.9
_bEVA/S
100 1 _aEvans, B. Ifor
_q(Benjamin Ifor),
_d1899-1982
_96150
245 2 _aA Short History Of English Literature /
_cIfor Evans
260 _bPenguin Books,
_c1990.
_aLondon:
300 _a400p
650 _aEnglish Literature
942 _cBK
_2ddc
_h820.9
_iEVA/S
_k820.9
_mEVA/S